1127 1085 1628 1679 1316 1094 1234 1582 1477 1313 1583 1611 1641 1804 1621 1455 1472 1439 1571 1244 1483 1294 1474 1813 1583 1623 1929 1620 1137 1005 1767 1507 1002 1339 1062 1460 1922 1262 1630 1347 1202 1379 1204 1701 1423 1099 1167 1429 1551 1743 1352 1159 1958 1670 1497 1801 1988 1830 1178 1532 1236 1791 1236 1573 1988 1401 1519 1613 1983 1064 1299 1178 1044 1477 1538 1824 1640 1178 1834 1663 1068 1160 1625 1064 1056 1086 1994 1641 1273 1261 1127 1587 1700 1642 1517 1354 1370 1173 1288 BCNSPRNW ULIB Ver.6.0+V

เปลี่ยนเป็นภาษาไทย

Change to English
 แสดงรายละเอียดบรรณานุกรม
  กลับหน้าหลัก

Brief Record : Get Marc (ISO 2709) : E-mail record : QR code < ปิดหน้าต่าง
LEADER : 00000nam 2200000uu 4500
001    13399128277
003     ULIB
008    221111s2564||||th 000 0 tha d
020    ^a9786168012147
060 04 ^aWY85^bค695
245 00 ^aคู่มือส่งเสริมจริยธรรมสำหรับองค์การพยาบาล :^bกลไกและการปฏิบัติ/^cบรรณาธิการ, ทัศนา บุญทอง, อังคณา สริยาภรณ์, สุนทราวดี เธียรพิเชฐ, ชุลีพร เชาวน์เมธากิจ
250    ^aพิมพ์ครั้งที่ 1(ฉบับปรับปรุงครั้งที่ 1)
260    ^aนนทบุรี :^bสภาการพยาบาล,^c2564
300    ^a304 หน้า ;^c21 ซม.
650  4 ^aจรรยาบรรณพยาบาล
650  4 ^aจริยธรรม
700 0  ^aทัศนา บุญทอง,^eบรรณาธิการ
700 0  ^aอังคณา สริยาภรณ์,^eบรรณาธิการ
700 0  ^aสุนทราวดี เธียรพิเชฐ,^eบรรณาธิการ
700 0  ^aชุลีพร เชาวน์เมธากิจ ,^eบรรณาธิการ
710 2  ^aสภาการพยาบาล
945    ^p0^l0^i29473
945    ^p0^l0^i29474
945    ^p0^l0^i29475
945    ^p0^l0^i29476
945    ^p0^l0^i29477
999    ^aกัณชพร จุลอักษร
รายการนี้ยังไม่มีแท็ก
คุณยังไม่ได้ล็อกอิน คุณสามารถมีกิจกรรมร่วมกับเว็บไซต์ได้ แต่ต้องล็อกอินก่อน ::
  ล็อกอิน

รายการสื่อสารสนเทศ

ลำดับที่ ประเภท เลขเรียก/บาร์โค้ด สถานที่ สถานะ
1. หนังสือสำรอง
หนังสือสำรอง
WY85 ค695 ฉ.1 
  Barcode: 29473
ห้องสมุดวิทยาเขตนครสวรรค์
►หนังสือทั่วไป:l:General Books
บนชั้น
2. วิทยาศาสตร์การแพทย์ และสุขภาพ
วิทยาศาสตร์การแพทย์ และสุขภาพ
WY85 ค695 ฉ.2 
  Barcode: 29474
ห้องสมุดวิทยาเขตนครสวรรค์
►หนังสือทั่วไป:l:General Books
บนชั้น
3. วิทยาศาสตร์การแพทย์ และสุขภาพ
วิทยาศาสตร์การแพทย์ และสุขภาพ
WY85 ค695 ฉ.3 
  Barcode: 29475
ห้องสมุดวิทยาเขตนครสวรรค์
►หนังสือทั่วไป:l:General Books
บนชั้น
4. วิทยาศาสตร์การแพทย์ และสุขภาพ
วิทยาศาสตร์การแพทย์ และสุขภาพ
WY85 ค695 ฉ.4 
  Barcode: 29476
ห้องสมุดวิทยาเขตนครสวรรค์
►หนังสือทั่วไป:l:General Books
บนชั้น
5. วิทยาศาสตร์การแพทย์ และสุขภาพ
วิทยาศาสตร์การแพทย์ และสุขภาพ
WY85 ค695 ฉ.5 
  Barcode: 29477
ห้องสมุดวิทยาเขตนครสวรรค์
►หนังสือทั่วไป:l:General Books
บนชั้น

รายการใกล้เคียง
    หัวเรื่อง [จรรยาบรรณพยาบาล]
    หัวเรื่อง [จริยธรรม]

BibComment


ยังไม่เคยถูกคอมเมนท์

คอมเมนท์ทรัพยากรรายการนี้
  คอมเมนท์: คู่มือส่งเสริมจร..


 Copyright 2026. Bcnsprnw @Library